1620 1283 1615 1926 1144 1469 1537 1833 1093 1517 1423 1875 1041 1896 1185 1408 1335 1115 1823 1068 1123 1646 1507 1990 1971 1136 1417 1319 1930 1639 1979 1920 1739 1264 1077 1528 1871 1861 1652 1980 1356 1016 1126 1231 1549 1169 1918 1843 1124 1217 1440 1401 1919 1689 1112 1193 1784 1240 1545 1965 1341 1623 1222 1916 1573 1548 1879 1323 1211 1368 1681 1791 1773 1374 1502 1413 1473 1103 1501 1041 1152 1086 1538 1829 1423 1072 1760 1569 1894 1850 1282 1239 1298 1449 1361 1873 1080 1544 1369 BCNSPRNW ULIB Ver.6.0+V

เปลี่ยนเป็นภาษาไทย

Change to English
 แสดงรายละเอียดบรรณานุกรม
  กลับหน้าหลัก

Brief Record : Get Marc (ISO 2709) : E-mail record : QR code < ปิดหน้าต่าง
LEADER : 00000nam 2200000uu 4500
001    13399113504
003     ULIB
008    110627s2552||||th 000 0 tha d
020    9786117190179
090    นว.^bพ681ล 2552
100 0  เล่ห์รุ้ง
245 00 ฟ้าพราวระยับ/^cเล่ห์รุ้ง
250    พิมพ์ครั้งที่ 1
260    กรุงเทพฯ :^bแจ่มใส,^c2552
300    326 หน้า
710 1  แจ่มใส
945    ^p198^l0^i026018
995    ทศพร
999 ^a ใช้งานได้ทุกระบบ
รายการนี้ยังไม่มีแท็ก
คุณยังไม่ได้ล็อกอิน คุณสามารถมีกิจกรรมร่วมกับเว็บไซต์ได้ แต่ต้องล็อกอินก่อน ::
  ล็อกอิน

รายการสื่อสารสนเทศ

ลำดับที่ ประเภท เลขเรียก/บาร์โค้ด สถานที่ สถานะ
1. นวนิยาย
นวนิยาย
นว. พ681ล 2552 ฉ.1 
  Barcode: 026018
ห้องสมุดวิทยาเขตสวรรค์ประชารักษ์
►นวนิยาย
บนชั้น
  ขอยืม

BibComment


ยังไม่เคยถูกคอมเมนท์

คอมเมนท์ทรัพยากรรายการนี้
  คอมเมนท์: ฟ้าพราวระยับ เล่ห..


 Copyright 2026. Bcnsprnw @Library